00489 a2200145 4500001001000000005001700010008004100027245008100068100002100149700002100170700002600191700002100217773008800238999001700326ART_4602520260410161731.0260409a 10aLa heurística de representatividad en un caso de decisión de inversión1 aManzanal, Melisa1 aEl Alabi, Emilio1 aMilanesi, Gastón S.1 aVigier, Hernán0 tEscritos contables y de administracióng- Vol. 4, Nº 2 (jul./dic. 2013)wREV2758 c17839d17839